AUDIOLOGY TREATMENT (Record no. 31346)

MARC details
000 -LEADER
fixed length control field 00371nam a22001697a 4500
003 - CONTROL NUMBER IDENTIFIER
control field SGT
020 ## - INTERNATIONAL STANDARD BOOK NUMBER
International Standard Book Number 9781626233287
082 ## - DEWEY DECIMAL CLASSIFICATION NUMBER
Classification number 617.8
Item number A19G
100 ## - MAIN ENTRY--PERSONAL NAME
Personal name GALSTER, JASON A.
245 ## - TITLE STATEMENT
Title AUDIOLOGY TREATMENT
250 ## - EDITION STATEMENT
Edition statement 3RD
260 ## - PUBLICATION, DISTRIBUTION, ETC. (IMPRINT)
Place of publication, distribution, etc NEW YORK
Name of publisher, distributor, etc THIEME PUB
Year of Publication 2019
300 ## - PAGE DESCRIPTION
No. of Pages 366
650 ## - SUBJECT ADDED ENTRY--TOPICAL TERM
Topical term or geographic name as entry element AUDIOLOGY
653 ## - KEYWORDS--INDEX TERM
Keyword term AUDIOLOGY TREATMENT
942 ## - ADDED ENTRY ELEMENTS (KOHA)
Source of classification or shelving scheme Dewey Decimal Classification
Koha item type Books
Holdings
Withdrawn status Lost status Source of classification or shelving scheme Damaged status Not for loan Collection code Home library Current library Shelving location Date acquired Vendor Name Cost, normal purchase price SGTU Bill Number Total Checkouts Full call number Accession No. (Barcode) Date last seen Bill Date Koha item type
    Dewey Decimal Classification   Not For Loan MEDICAL SGT Medical Library SGT Medical Library Reference Book 14/05/2025 ABC DELHI 9800.00 SGTU 21139   617.8 A19G FM15486 12/06/2025 14/05/2025 Books